000
00262nam a2200109Ia 4500
008
190216s9999||||xx |||||||||||||| ||und||
100
_a
Sayyid Sulaiman Nadwi
245
0
_a
Hasrath Ayisha
260
_b
Hadi Publications
650
_a
Islamic History
942
_c
BK
999
_c
22029
_d
22029